[Event "Titled Tue 1st Jul Early"]
[Site "chess.com INT"]
[Date "2025.07.01"]
[Round "7"]
[White "Duarte Cramer, Lily Jeanette"]
[Black "Exposito Milan, Adrian"]
[Result "0-1"]
[WhiteTitle "WCM"]
[BlackTitle "FM"]
[WhiteElo "1828"]
[BlackElo "2179"]
[WhiteFideId "29620180"]
[BlackFideId "24556645"]
[EventDate "2025.07.01"]

1. d4 d5 2. c4 e6 3. Nc3 Nf6 4. cxd5 exd5 5. Bg5 c6 6. e3 Nbd7 7. Bd3 Be7 8. Rc1
O-O 9. Qc2 g6 10. h4 h5 11. Bh6 Re8 12. Bxg6 Nf8 13. Bxf8 Bxf8 14. Bd3 Bh6 15.
Nge2 Ng4 16. Nd1 Qf6 17. Ng3 Qxd4 18. Kf1 Qe5 19. Qc3 d4 20. exd4 Qf4 21. Rc2
Be6 22. Nxh5 Qd6 23. Be2 Bf5 24. Qc5 Qg6 25. Bxg4 Bxg4 26. Ne3 Bxe3 27. fxe3
Bxh5 28. Qg5 Qxg5 29. hxg5 Bg6 30. Rc3 Re4 31. Kf2 Rae8 32. Rh3 Rg4 33. Rg3 Rxg3
34. Kxg3 Be4 35. Kf2 Kg7 36. Rb3 Re7 37. Ra3 a6 38. Rc3 Kg6 39. a3 Kxg5 40. Rc5+
f5 41. b4 Rh7 42. Rc3 Rh2 43. a4 Rxg2+ 44. Kf1 Rb2 45. b5 axb5 46. axb5 Rxb5 47.
Kf2 Rb2+ 48. Kg3 Rg2+ 49. Kh3 Rg1 50. d5 Bxd5 51. Kh2 Rg2+ 52. Kh3 Rb2 53. e4
Bxe4 54. Kg3 f4+ 55. Kh3 Bf5# 0-1

[Event "Titled Tue 1st Jul Early"]
[Site "chess.com INT"]
[Date "2025.07.01"]
[Round "7"]
[White "Galaktionov, Artem"]
[Black "Kollars, Dmitrij"]
[Result "1-0"]
[WhiteTitle "FM"]
[BlackTitle "GM"]
[WhiteElo "2360"]
[BlackElo "2644"]
[WhiteFideId "24175471"]
[BlackFideId "12909572"]
[EventDate "2025.07.01"]

1. d4 Nf6 2. c4 e6 3. Nf3 d5 4. Nc3 Nbd7 5. Bf4 Bb4 6. e3 c5 7. a3 Bxc3+ 8. bxc3
Qa5 9. Qb3 O-O 10. Be2 dxc4 11. Bxc4 Nd5 12. Bxd5 exd5 13. O-O c4 14. Qb4 Qa6
15. a4 Nf6 16. Rfb1 Qe6 17. a5 h6 18. h3 Ne4 19. Rb2 Re8 20. Nd2 Nf6 21. Qd6 Qf5
22. Be5 Re6 23. Qd8+ Re8 24. Qd6 Re6 25. Qd8+ Re8 26. Qc7 Nd7 27. Bg3 Nf8 28. e4
dxe4 29. Nxc4 Ne6 30. Qe5 Qxe5 31. Bxe5 f6 32. Bg3 Re7 33. Rab1 Ng5 34. h4 Nf7
35. Ne3 Rd7 36. h5 Nd8 37. d5 Nf7 38. c4 Kh7 39. Bf4 g5 40. hxg6+ Kxg6 41. c5
Rd8 42. Rb4 f5 43. a6 b6 44. cxb6 axb6 45. Rxb6+ Kg7 46. Ra1 Rd7 47. Nxf5+ Kf8
48. Ne3 Rda7 49. Bxh6+ Ke7 50. Bf4 Rxa6 51. Raxa6 Rxa6 52. Rxa6 Bxa6 53. Kh2 Bd3
54. Kg3 Nh8 55. Kg4 Ng6 56. Kg5 Kf7 57. Bd6 Nh8 58. g3 Ng6 59. Ng4 Bc4 60. Ne3
Ba2 61. Kf5 Bb1 62. Bb4 Nh8 63. d6 Ke8 64. Ke5 1-0

[Event "Titled Tue 1st Jul Early"]
[Site "chess.com INT"]
[Date "2025.07.01"]
[Round "7"]
[White "Svane, Rasmus"]
[Black "Ivannikov, Maksim"]
[Result "1-0"]
[WhiteTitle "GM"]
[BlackTitle "CM"]
[WhiteElo "2619"]
[BlackElo "2184"]
[WhiteFideId "4657101"]
[BlackFideId "34275339"]
[EventDate "2025.07.01"]

1. Nf3 Nf6 2. g3 g6 3. Bg2 Bg7 4. O-O O-O 5. d4 d6 6. Re1 Nbd7 7. e4 e5 8. Nc3
a6 9. a4 h6 10. a5 Re8 11. h3 exd4 12. Nxd4 Nc5 13. Ra3 Bd7 14. Kh2 Rb8 15. b4
Ne6 16. Be3 Nxd4 17. Bxd4 Bc6 18. Ra1 Qd7 19. Qd3 Re7 20. Re3 Rbe8 21. Rae1 Qd8
22. Nb1 Nd7 23. Bxg7 Kxg7 24. f4 Kh7 25. c4 Nf6 26. Nc3 Qd7 27. Qd4 Ng8 28. Qd3
h5 29. b5 axb5 30. cxb5 h4 31. gxh4 Bxb5 32. Qxb5 c6 33. Qb4 Qd8 34. Qb6 Rc7 35.
Qd4 Qxh4 36. Qxd6 Rce7 37. Rf1 Nh6 38. Kg1 Nf5 39. Qd2 Nxe3 40. Qxe3 Qh6 41. Qg3
Rd8 42. e5 Rd4 43. Ne4 Kg7 44. f5 Red7 45. e6 R7d5 46. e7 Qh8 47. f6+ Kh6 48.
Rf4 g5 49. Rg4 Qg8 50. h4 Qg6 51. e8=Q Rd1+ 52. Kh2 Kh7 53. Nxg5+ Rxg5 54. Rxg5
Qxf6 55. Qg8+ Kh6 56. Qf8+ Kh7 57. Be4+ Qg6 58. Qxf7+ Kh8 59. Qf8+ Kh7 60. Bxg6# 1-0

[Event "Titled Tue 1st Jul Early"]
[Site "chess.com INT"]
[Date "2025.07.01"]
[Round "7"]
[White "Ibrahimli, Murad"]
[Black "Vetokhin, Savva"]
[Result "0-1"]
[WhiteTitle "IM"]
[BlackTitle "GM"]
[WhiteElo "2438"]
[BlackElo "2569"]
[WhiteFideId "13410229"]
[BlackFideId "44144474"]
[EventDate "2025.07.01"]

1. d4 Nf6 2. c4 e6 3. Nf3 d5 4. Nc3 Bb4 5. cxd5 exd5 6. Bg5 h6 7. Bh4 O-O 8. e3
Bf5 9. Qb3 Bxc3+ 10. Qxc3 g5 11. Bg3 Ne4 12. Qa3 Nd7 13. Rc1 Nxg3 14. hxg3 Kg7
15. Bd3 Bxd3 16. Qxd3 c6 17. Ke2 Qf6 18. Rh2 Rae8 19. Rch1 Rh8 20. Rc1 Re6 21.
Rh5 Ree8 22. Nd2 Qg6 23. Qxg6+ Kxg6 24. Rhh1 Nb6 25. Rc2 Nc8 26. Nb3 Nd6 27. Nc5
h5 28. Nd3 f6 29. Rcc1 Nf5 30. Kd2 h4 31. gxh4 Nxh4 32. Rcg1 Rh7 33. Ke2 Reh8
34. g3 Nf5 35. Rxh7 Rxh7 36. Nc5 Nd6 37. b3 g4 38. Kf1 Kf5 39. Kg2 Ne4 40. Nd3
Ng5 41. Rc1 Nf3 42. Rh1 Rxh1 43. Kxh1 b6 44. Kg2 Ke4 45. Nf4 c5 46. dxc5 bxc5
47. Kf1 d4 48. exd4 cxd4 49. Ke2 Ne5 50. Ne6 d3+ 51. Kd2 Kf3 52. Nc5 Kxf2 53.
Ne4+ Kf3 54. Nxf6 Kxg3 55. Ke3 Kh3 56. Nh5 g3 57. Nf4+ Kh2 58. b4 Kh1 59. a4 Ng6
60. Nxd3 g2 61. Nf2+ Kh2 62. Ng4+ Kg3 0-1

[Event "Titled Tue 1st Jul Early"]
[Site "chess.com INT"]
[Date "2025.07.01"]
[Round "7"]
[White "Palczert, Matyas"]
[Black "Torres Rebolledo, Alvaro"]
[Result "1-0"]
[WhiteTitle "FM"]
[BlackTitle "FM"]
[WhiteElo "2396"]
[BlackElo "2319"]
[WhiteFideId "784958"]
[BlackFideId "54587670"]
[EventDate "2025.07.01"]

1. b3 b6 2. Bb2 c5 3. c4 Bb7 4. Nf3 Nf6 5. g3 d6 6. Bg2 e5 7. O-O Be7 8. d3 O-O
9. Nc3 Nbd7 10. a3 Re8 11. b4 Bf8 12. b5 d5 13. Nd2 e4 14. cxd5 exd3 15. e4 Ne5
16. h3 c4 17. f4 Bc5+ 18. Kh2 Ng6 19. e5 Nxd5 20. Qf3 Nxc3 21. Qxb7 Ne2 22. Qxa8
Qxa8 23. Bxa8 c3 24. Bxc3 Nxc3 25. Bc6 Rd8 26. Rf3 Ne7 27. Ne4 Nxe4 28. Bxe4 d2
29. Rd1 Rd4 30. Rd3 Rxd3 31. Bxd3 Be3 32. Be4 f5 33. exf6 gxf6 34. Kg2 f5 35.
Bb7 Kf7 36. Kf3 Bc5 37. Rxd2 Bxa3 38. Ra2 Bc5 39. Rxa7 Kg6 40. Bc6 h6 41. g4 Kf6
42. Ra8 Kg6 43. Bd7 fxg4+ 44. hxg4 h5 45. Be8+ Kf6 46. Bxh5 Nd5 47. g5+ Kf5 48.
Bg4+ Kg6 49. Rc8 Nc3 50. Rc6+ Kg7 51. f5 Kf8 52. g6 Nxb5 53. f6 Nd4+ 54. Ke4
Nxc6 55. g7+ Kf7 56. Be6+ Kxf6 57. g8=Q Nd4 58. Qf7+ Kg5 59. Bf5 Kh4 60. Qg6
Nxf5 61. Kxf5 Kh3 62. Kf4 Kh2 63. Kf3 1-0

[Event "Titled Tue 1st Jul Early"]
[Site "chess.com INT"]
[Date "2025.07.01"]
[Round "7"]
[White "Sarveshwaran V"]
[Black "Bilochenko, Matvii"]
[Result "0-1"]
[WhiteTitle "CM"]
[BlackTitle "CM"]
[WhiteElo "2290"]
[BlackElo "2005"]
[WhiteFideId "25699016"]
[BlackFideId "41834062"]
[EventDate "2025.07.01"]

1. e4 c5 2. Nf3 e6 3. Nc3 Nc6 4. Bb5 Nd4 5. Nxd4 cxd4 6. Ne2 e5 7. d3 Nf6 8. O-O
a6 9. Ba4 Be7 10. f4 exf4 11. Bxf4 O-O 12. Ng3 d5 13. e5 Ng4 14. Qf3 Qb6 15. Bb3
Ne3 16. Rf2 Bg4 17. Nh5 Bxf3 18. Rxf3 Rac8 19. Rf2 g6 20. Nf6+ Bxf6 21. exf6
Rfe8 22. h3 Re6 23. Bg5 Re5 24. Bh4 Rf5 25. Re2 g5 26. Bg3 Qxf6 27. Bf2 Re8 28.
Rae1 a5 29. c3 dxc3 30. bxc3 Qxc3 31. Rxe3 Rxe3 32. Rxe3 Qd2 33. Re8+ Kg7 34.
Bd4+ f6 35. Re7+ Kf8 36. Re6 Qc1+ 37. Bd1 Qxd1+ 38. Kh2 Qxd3 39. Bc5+ Kf7 40.
Re7+ Kg6 41. Re3 Qxe3 42. Bxe3 Re5 43. Bb6 Re6 44. Bxa5 d4 45. a3 d3 46. Kg3 Rd6
47. Bd2 Ra6 48. Bc1 Rc6 49. Be3 Rc2 50. Kf3 d2 51. Ke2 d1=Q+ 52. Kxd1 Rxg2 53.
Ke1 Rg3 54. Kf2 Rxh3 55. a4 Rxe3 56. Kxe3 g4 57. a5 f5 58. Kd4 g3 59. Kc5 g2 60.
Kb6 g1=Q+ 61. Kxb7 Qa1 62. a6 f4 63. a7 Qxa7+ 64. Kxa7 f3 65. Kb7 f2 66. Kc7
f1=Q 67. Kd7 Qe2 68. Kd6 Qe4 69. Kc5 Qd3 70. Kb6 Qc4 71. Kb7 Qc5 72. Ka8 Qe7 73.
Kb8 Kf6 74. Ka8 Ke6 75. Kb8 Kd6 76. Ka8 Kc6 77. Kb8 Qb7# 0-1

[Event "Titled Tue 1st Jul Early"]
[Site "chess.com INT"]
[Date "2025.07.01"]
[Round "7"]
[White "Nazin, Roman"]
[Black "Arakelyan, Manvel"]
[Result "0-1"]
[WhiteTitle "CM"]
[BlackTitle "FM"]
[WhiteElo "2250"]
[BlackElo "2326"]
[WhiteFideId "4137167"]
[BlackFideId "13317415"]
[EventDate "2025.07.01"]

1. d4 e6 2. Nf3 c5 3. e3 d5 4. c4 Nf6 5. Nc3 cxd4 6. exd4 Bb4 7. cxd5 Nxd5 8.
Bd2 O-O 9. Bd3 Nc6 10. O-O Be7 11. a3 Bf6 12. Be3 Nxc3 13. bxc3 b6 14. Qe2 Bb7
15. Rfd1 Rc8 16. Rac1 Ne7 17. c4 Qd6 18. c5 Qd8 19. Ba6 Bxa6 20. Qxa6 Nd5 21.
Bd2 Qd7 22. Bg5 Bxg5 23. Nxg5 Qc6 24. g3 h6 25. cxb6 Qxc1 26. Rxc1 Rxc1+ 27. Kg2
axb6 28. Ne4 Rd8 29. Qb7 Rc7 30. Qa6 Rcd7 31. Nd2 Rc7 32. Nf3 Rc3 33. Ne5 Rdc8
34. Qb7 R8c7 35. Qb8+ Kh7 36. h4 Rxa3 37. h5 Rac3 38. Qe8 Nf6 39. Qb8 Nxh5 40.
Nxf7 Rxf7 41. Qxb6 Re7 42. Qd6 Rcc7 43. Qe5 Nf6 44. f3 Rcd7 45. g4 Rd5 46. Qe3
Kg8 47. Kg3 Kf7 48. f4 Red7 49. g5 Ng8 50. g6+ Kf6 51. Qe4 Ne7 52. f5 Nxf5+ 0-1

[Event "Titled Tue 1st Jul Early"]
[Site "chess.com INT"]
[Date "2025.07.01"]
[Round "7"]
[White "Leinov, Roman"]
[Black "Mishra, Manoj"]
[Result "1-0"]
[WhiteTitle "CM"]
[BlackTitle "CM"]
[WhiteElo "2120"]
[BlackElo "1941"]
[WhiteFideId "13504649"]
[BlackFideId "5006007"]
[EventDate "2025.07.01"]

1. Nf3 Nf6 2. g3 g6 3. Bg2 Bg7 4. O-O O-O 5. c4 Nc6 6. Nc3 d6 7. d4 e5 8. dxe5
Nxe5 9. Nxe5 dxe5 10. Bg5 Qxd1 11. Rfxd1 h6 12. Be3 c6 13. Bc5 Re8 14. Rd2 Be6
15. b3 Nd7 16. Ba3 f5 17. Rad1 e4 18. Nxe4 fxe4 19. Rxd7 Bxd7 20. Rxd7 b5 21.
cxb5 cxb5 22. Bc5 a5 23. Bh3 Bf8 24. Bd4 Rad8 25. Be6+ Rxe6 26. Rxd8 Rc6 27. Ra8
a4 28. bxa4 Rc4 29. e3 bxa4 30. g4 Kf7 31. Kg2 Rc2 32. Rxa4 Be7 33. Ra6 Bh4 34.
a4 Rxf2+ 35. Kg1 Rf3 36. a5 Bf2+ 37. Kg2 Bxe3 38. Ra7+ Ke6 39. Ra6+ Kf7 40. Ra7+
Ke8 41. Bxe3 Rxe3 42. Ra6 Kf7 43. Rc6 Re2+ 44. Kg3 Ra2 45. a6 Ra3+ 46. Kf4 e3
47. Kf3 Kg7 48. h4 Kf7 49. g5 hxg5 50. hxg5 Kg7 51. Rc7+ Kf8 52. a7 1-0

[Event "Titled Tue 1st Jul Early"]
[Site "chess.com INT"]
[Date "2025.07.01"]
[Round "7"]
[White "Manukian, Artak"]
[Black "Bruhovich, Olexandr"]
[Result "1-0"]
[BlackTitle "CM"]
[WhiteElo "2104"]
[BlackElo "2208"]
[WhiteFideId "13301373"]
[BlackFideId "14119919"]
[EventDate "2025.07.01"]

1. e4 c5 2. Nf3 d6 3. Bb5+ Bd7 4. Bxd7+ Qxd7 5. c4 g6 6. Nc3 Bg7 7. d4 cxd4 8.
Nxd4 Nc6 9. Be3 Nf6 10. f3 O-O 11. O-O Rfc8 12. b3 a6 13. a4 b6 14. Rc1 Rab8 15.
Qd2 h5 16. Rfd1 Qb7 17. Nxc6 Rxc6 18. Bd4 Kh7 19. h3 Bh6 20. Be3 Bf8 21. g4 Qc8
22. g5 Nd7 23. Kg2 Nc5 24. Rb1 Bg7 25. Bd4 Bxd4 26. Qxd4 Ne6 27. Qe3 f6 28. gxf6
exf6 29. Nd5 Kg7 30. f4 Nc5 31. Qd4 Qf8 32. Kf3 Qf7 33. Rg1 Rf8 34. Ne3 Kh7 35.
Qd5 Rc7 36. Qxf7+ Rfxf7 37. Nd5 Rb7 38. Rgd1 b5 39. cxb5 axb5 40. a5 b4 41. Ne3
Rfe7 42. Nd5 Re6 43. f5 gxf5 44. exf5 Re5 45. Nxf6+ Kg7 46. Nxh5+ Kh6 47. Ng3 d5
48. Rdc1 Nd3 49. Rc6+ Kg7 50. a6 Ra7 51. Ra1 Ree7 52. f6+ Kf7 53. fxe7 Ne5+ 54.
Kf4 Nxc6 55. Nf5 Nxe7 56. Nd6+ Ke6 57. Nb5 Ra8 58. Nc7+ Kd6 59. Nxa8 Kc6 60. a7
Kb7 61. Nb6 1-0

[Event "Titled Tue 1st Jul Early"]
[Site "chess.com INT"]
[Date "2025.07.01"]
[Round "7"]
[White "Faryma, Matviy"]
[Black "Aradhya, Garg"]
[Result "1/2-1/2"]
[BlackTitle "IM"]
[WhiteElo "2230"]
[BlackElo "2370"]
[WhiteFideId "1961578"]
[BlackFideId "25006746"]
[EventDate "2025.07.01"]

1. b3 e5 2. Bb2 Nc6 3. e3 Nf6 4. c4 Bc5 5. Nf3 e4 6. d4 exd3 7. Bxd3 O-O 8. Nc3
d6 9. a3 Bg4 10. Qc2 a5 11. Nd5 Ne5 12. Nxe5 dxe5 13. Nxf6+ Qxf6 14. Bxh7+ Kh8
15. Be4 Rad8 16. O-O Rd7 17. Qc3 b6 18. b4 axb4 19. axb4 Be7 20. h3 Be6 21. c5
bxc5 22. bxc5 Bd5 23. Rad1 Rfd8 24. Bxd5 Rxd5 25. Rxd5 Rxd5 26. e4 Rxc5 27. Qg3
Qf4 28. Qb3 Bd6 29. Ba3 Rc6 30. Qb7 Rc4 31. Bxd6 cxd6 32. Qb8+ Kh7 33. Qxd6 Rxe4
34. Qd3 g6 35. Qb3 Qf5 36. Rc1 Re2 37. Qg3 Kg7 38. Rd1 Qe4 39. h4 Qf4 40. Qxf4
exf4 41. Rd4 f3 42. gxf3 Ra2 43. Kg2 Ra5 44. Kg3 Rb5 45. f4 Ra5 46. Re4 Ra3+ 47.
f3 Ra5 48. Re5 Ra1 49. h5 Kf6 50. hxg6 fxg6 51. Rb5 Rg1+ 52. Kf2 Ra1 53. Kg3
Rg1+ 54. Kf2 Ra1 55. Ke3 Re1+ 56. Kf2 Ra1 1/2-1/2

[Event "Titled Tue 1st Jul Early"]
[Site "chess.com INT"]
[Date "2025.07.01"]
[Round "7"]
[White "Evdokimov, Alexey"]
[Black "Tekeyev, Zaur"]
[Result "0-1"]
[WhiteTitle "FM"]
[BlackTitle "IM"]
[WhiteElo "2205"]
[BlackElo "2407"]
[WhiteFideId "24162450"]
[BlackFideId "4199731"]
[EventDate "2025.07.01"]

1. Nf3 Nf6 2. c4 e6 3. d4 d5 4. Nc3 Bb4 5. Bg5 h6 6. Bh4 dxc4 7. e3 c5 8. Bxc4
cxd4 9. exd4 Qa5 10. O-O Nbd7 11. Rc1 O-O 12. a3 Bd6 13. Qe2 a6 14. Bd3 Qh5 15.
Ne4 Be7 16. Rc7 Nd5 17. Ng3 Qg4 18. h3 Qf4 19. Bxe7 Qxc7 20. Bxf8 Nxf8 21. Ne5
Bd7 22. Nh5 Be8 23. Nf3 Rd8 24. Rd1 f6 25. Ng3 Bc6 26. Qd2 Qf4 27. Bc4 Qxd2 28.
Rxd2 Nb6 29. Ba2 Bd5 30. Bb1 Bxf3 31. gxf3 Kf7 32. Ba2 Nd5 33. Ne2 Ng6 34. Kf1
Nh4 35. Rd3 Ke7 36. Nc3 Nf4 37. Re3 Nf5 38. Re1 Nxd4 39. Ne4 Nxf3 40. Rc1 Nd2+
41. Kg1 Nxe4 42. Rc4 f5 43. Rc7+ Rd7 44. Rc1 Kf6 45. Re1 b5 46. f3 Nd2 47. Kf2
Nd3+ 48. Ke2 Nxe1 49. Kxe1 Nxf3+ 50. Kf2 Nd4 51. Ke3 e5 52. Bb1 Rd6 53. Bd3 Ne6
54. Bf1 e4 55. Bg2 Ke5 56. h4 f4+ 57. Ke2 Nd4+ 58. Kf2 e3+ 59. Ke1 f3 60. Bh3
Rc6 61. Kd1 Rc2 62. Bf5 Rd2+ 63. Ke1 Kxf5 0-1

[Event "Titled Tue 1st Jul Early"]
[Site "chess.com INT"]
[Date "2025.07.01"]
[Round "7"]
[White "Amangeldy, Ernur"]
[Black "Sahakyan, Aleks"]
[Result "0-1"]
[WhiteTitle "FM"]
[BlackTitle "IM"]
[WhiteElo "2195"]
[BlackElo "2405"]
[WhiteFideId "13720244"]
[BlackFideId "13316338"]
[EventDate "2025.07.01"]

1. e4 c5 2. Nf3 d6 3. Nc3 Nf6 4. Bc4 a6 5. O-O b5 6. Be2 b4 7. Nd5 Nxe4 8. Re1
Bb7 9. Bc4 Nf6 10. Nxf6+ gxf6 11. d4 e6 12. d5 e5 13. Nh4 Bc8 14. Qf3 Rg8 15.
Nf5 Nd7 16. a3 Nb6 17. Bd3 c4 18. Be4 bxa3 19. Rxa3 Nd7 20. Be3 Rb8 21. b3 cxb3
22. cxb3 Rb4 23. Bd2 Rb8 24. Ba5 Nb6 25. Rc1 Bd7 26. b4 Bb5 27. Rac3 Rg6 28. Rc6
Bxc6 29. dxc6 Qc7 30. Ne3 Bh6 31. Bxg6 hxg6 32. Nd5 Nxd5 33. Qxd5 Qc8 34. Rc2
Ke7 35. c7 Rb5 36. Qc6 f5 37. h3 e4 38. Rc4 Bf4 39. Rd4 Be5 40. Rd1 g5 41. Rd5
Rxd5 42. Qxd5 f6 43. Qc6 Bd4 44. Kh1 Bxf2 45. Qd5 e3 46. Qd3 g4 47. Qc4 gxh3 48.
gxh3 f4 49. Qe4+ Kf8 50. Kg2 Bg3 51. Kf3 f5 52. Qd5 Ke7 53. Qc6 Ke6 54. b5 axb5
55. Bb4 Kf7 56. Qxd6 Qa8+ 57. Ke2 Qa2+ 58. Kd3 Qc4# 0-1

[Event "Titled Tue 1st Jul Early"]
[Site "chess.com INT"]
[Date "2025.07.01"]
[Round "7"]
[White "Cordoba Roa, Angel Gabriel"]
[Black "Grot, Blazej"]
[Result "1/2-1/2"]
[WhiteTitle "FM"]
[BlackTitle "CM"]
[WhiteElo "2396"]
[BlackElo "2207"]
[WhiteFideId "3957624"]
[BlackFideId "21835845"]
[EventDate "2025.07.01"]

1. e4 c5 2. Nf3 e6 3. d4 cxd4 4. Nxd4 Nc6 5. Nc3 Qc7 6. g3 a6 7. Bg2 Nf6 8. O-O
Nxd4 9. Qxd4 Bc5 10. Bf4 d6 11. Qd2 h6 12. Rad1 e5 13. Be3 Bb4 14. Nb5 axb5 15.
Qxb4 Rxa2 16. Rxd6 O-O 17. Rd2 Be6 18. h3 Qc4 19. Qxc4 Bxc4 20. Rb1 Rfa8 21. b3
Be6 22. f4 g6 23. Kf2 Rc8 24. Rc1 h5 25. fxe5 Nd7 26. Bf4 Nc5 27. Re1 Na6 28.
Ree2 Nb4 29. c3 Rxd2 30. Bxd2 Nc6 31. Bg5 Nxe5 32. Bf6 Nd3+ 33. Ke3 Nc1 34. Rb2
Nxb3 35. Bf1 Bc4 36. Bg2 Nc5 37. Rd2 Ne6 38. e5 b6 39. Rd7 Nc5 40. Ra7 Be6 41.
Kf4 Na4 42. Rb7 Nxc3 43. Rxb6 Bd5 44. Bf1 Bc4 45. Bg2 Bd5 46. Bf3 Rc4+ 47. Ke3
Be6 48. Rb8+ Rc8 49. Rb6 Nd5+ 50. Bxd5 Bxd5 51. Rxb5 Be6 52. h4 Rc3+ 53. Kf4
Rc4+ 54. Kg5 Rc8 55. Kh6 Ra8 56. Rb7 Rc8 57. Re7 Ra8 58. Rxe6 fxe6 59. Kxg6 Ra3
60. Bg5 Rxg3 61. Kf6 Rf3+ 62. Kxe6 Kg7 63. Bf6+ Kg6 64. Bg5 Rf1 65. Bf6 Re1 66.
Bg5 Rf1 67. Bf6 Re1 68. Bg5 Rf1 1/2-1/2

[Event "Titled Tue 1st Jul Early"]
[Site "chess.com INT"]
[Date "2025.07.01"]
[Round "7"]
[White "Cernov, Henrik"]
[Black "Sovetbekova, Nurai"]
[Result "1-0"]
[WhiteTitle "FM"]
[BlackTitle "WFM"]
[WhiteElo "2258"]
[BlackElo "2007"]
[WhiteFideId "16258312"]
[BlackFideId "13801910"]
[EventDate "2025.07.01"]

1. e4 c5 2. Nf3 d6 3. d4 cxd4 4. Nxd4 Nf6 5. Nc3 a6 6. Rg1 e5 7. Nb3 h5 8. h3
Be6 9. g4 hxg4 10. hxg4 d5 11. exd5 Nxd5 12. Nxd5 Qxd5 13. Qxd5 Bxd5 14. Be3 Nd7
15. O-O-O Bxb3 16. axb3 Bc5 17. Bxc5 Nxc5 18. Re1 f6 19. f4 Nd7 20. Bg2 Rb8 21.
g5 Ke7 22. gxf6+ gxf6 23. fxe5 Nxe5 24. Bd5 Kd6 25. Rd1 Kc7 26. Rg7+ Kb6 27. Rf1
Rhf8 28. Rf5 Nc6 29. Rg6 Rbd8 30. Bxc6 Kxc6 31. Rgxf6+ Rxf6 32. Rxf6+ Kc7 33. c3
Rh8 34. Kb1 Rh2 35. b4 Kb8 36. Ka2 Kc7 37. Kb3 Rg2 38. Rf3 Kb6 39. c4 Kc6 40.
Kc3 Rg1 41. b3 Rc1+ 42. Kb2 Re1 43. Rf6+ Kc7 44. Rh6 Rf1 45. Rh3 Rg1 46. Rc3 Kb6
47. Rc1 Rg2+ 48. Ka3 Kc6 49. Rf1 Re2 50. Rf6+ Kc7 51. Rf7+ Kc6 52. Rf6+ Kc7 53.
b5 axb5 54. cxb5 Re4 55. b4 Re3+ 56. Ka4 Re1 57. b6+ Kd7 58. Rh6 Re5 59. Rg6 Rf5
60. b5 Rh5 61. Rg7+ Kc8 62. Rg8+ Kd7 63. Rb8 Kd6 64. Rxb7 Kc5 65. Rb8 Rh4+ 66.
Ka5 Rh1 67. Rc8+ Kd6 68. b7 Ra1+ 69. Kb6 1-0

[Event "Titled Tue 1st Jul Early"]
[Site "chess.com INT"]
[Date "2025.07.01"]
[Round "7"]
[White "Rohit, S"]
[Black "Mora Munoz, Alejandro"]
[Result "1-0"]
[WhiteTitle "FM"]
[BlackTitle "FM"]
[WhiteElo "2215"]
[BlackElo "2147"]
[WhiteFideId "46633847"]
[BlackFideId "4469844"]
[EventDate "2025.07.01"]

1. e4 c5 2. Nf3 d6 3. d4 cxd4 4. Nxd4 Nf6 5. Nc3 a6 6. Bg5 Nbd7 7. Qe2 g6 8. f4
e5 9. fxe5 dxe5 10. O-O-O Qc7 11. Nb3 Be7 12. Qc4 Qxc4 13. Bxc4 Nb6 14. Be2 Be6
15. Na5 Rb8 16. a3 h6 17. Be3 Nbd7 18. Bf3 O-O 19. Bxh6 Rfc8 20. Be3 Bxa3 21.
Nd5 Bxd5 22. exd5 Bf8 23. d6 e4 24. Be2 b6 25. Nb3 b5 26. Na5 Ne8 27. Bf4 Rb6
28. Rd4 f5 29. Rhd1 Kf7 30. g4 Ke6 31. gxf5+ gxf5 32. Rxe4+ fxe4 33. Bg4+ Kf6
34. Bxd7 Rd8 35. Bxe8 Bxd6 36. Bxd6 Rbxd6 37. Rf1+ Kg5 38. Nb7 Rxe8 39. Nxd6 Re6
40. Nf5 e3 41. Nd4 Re4 42. c3 Kg4 43. Kc2 Kh3 44. Kd3 Re8 45. Rf3+ Kxh2 46. Rxe3
Rc8 47. Re6 Ra8 48. b4 Kg3 49. Nb3 Kf4 50. Rb6 Ke5 51. Nc5 a5 52. Rxb5 axb4 53.
cxb4 Kd5 54. Nb3+ Kc6 55. Rc5+ Kd6 56. Kc4 Ra3 57. Rh5 Ra2 58. Rh6+ Kc7 59. Nc5
Rc2+ 60. Kb5 Rb2 61. Rh7+ Kd6 62. Nd3 Rb1 63. Kb6 Rb3 64. Rh3 Rb1 65. b5 Kd5 66.
Rh5+ Kc4 67. Ne5+ Kd4 68. Nc6+ Kc4 69. Ka6 1-0

[Event "Titled Tue 1st Jul Early"]
[Site "chess.com INT"]
[Date "2025.07.01"]
[Round "7"]
[White "Ibarra Jerez, Jose Carlos"]
[Black "Ghoreishi Amiri, Seyed Kian"]
[Result "0-1"]
[WhiteTitle "GM"]
[BlackTitle "CM"]
[WhiteElo "2545"]
[BlackElo "2215"]
[WhiteFideId "2226332"]
[BlackFideId "36757527"]
[EventDate "2025.07.01"]

1. e4 e6 2. d4 d5 3. Nc3 Nf6 4. Bg5 dxe4 5. Nxe4 Nbd7 6. Nf3 h6 7. Nxf6+ Nxf6 8.
Be3 Bd6 9. Bb5+ c6 10. Bd3 O-O 11. O-O b6 12. c4 Bb7 13. c5 Bc7 14. Qe2 Nd5 15.
Bd2 Qe7 16. Qe4 f5 17. Qe2 bxc5 18. Rfe1 cxd4 19. Nxd4 Bxh2+ 20. Kxh2 Qh4+ 21.
Kg1 Qxd4 22. Rad1 Rae8 23. Bc1 Qf6 24. f4 Qd4+ 25. Qf2 Qxf2+ 26. Kxf2 Kf7 27. b3
Rd8 28. g3 Rfe8 29. Bc4 Bc8 30. Bd2 Nf6 31. Ba5 Rxd1 32. Rxd1 Ne4+ 33. Kf3 g5
34. Bc7 Kg6 35. a4 c5 36. Ke3 Bb7 37. Be5 Bc6 38. a5 h5 39. fxg5 Kxg5 40. a6 Bd5
41. Bf4+ Kg6 42. Be2 Bxb3 43. Rh1 Rh8 44. Be5 Rh7 45. Rb1 Bd5 46. Rb8 c4 47.
Rg8+ Kf7 48. Rc8 c3 49. Bd4 Nxg3 50. Bd1 h4 51. Be5 Ne4 52. Bh2 h3 53. Kf4 Rh4+
54. Ke5 Kg6 55. Rg8+ Kf7 56. Rc8 Ng5 57. Rc7+ Kg6 58. Rxa7 c2 59. Bxc2 Nf3+ 60.
Kd6 Nxh2 0-1

[Event "Titled Tue 1st Jul Early"]
[Site "chess.com INT"]
[Date "2025.07.01"]
[Round "7"]
[White "Mayank, Chakraborty"]
[Black "Borgaonkar, Akshay"]
[Result "1-0"]
[WhiteTitle "IM"]
[BlackTitle "FM"]
[WhiteElo "2448"]
[BlackElo "2452"]
[WhiteFideId "25659766"]
[BlackFideId "25639110"]
[EventDate "2025.07.01"]

1. d4 d5 2. c4 c6 3. cxd5 cxd5 4. Nc3 Nf6 5. Bf4 Nc6 6. e3 Bg4 7. Qb3 Na5 8.
Qa4+ Bd7 9. Qc2 e6 10. Nf3 Rc8 11. Bd3 Bb4 12. O-O O-O 13. Ne5 Qe8 14. Bg5 Bxc3
15. bxc3 Ba4 16. Qb2 Ne4 17. Bh4 f6 18. Nf3 b6 19. Bxe4 dxe4 20. Nd2 Nc4 21.
Nxc4 Rxc4 22. f3 Qc6 23. Rac1 Rc8 24. Be1 Qd5 25. Bd2 Bc6 26. Qb3 a5 27. Qxb6
Ba8 28. Qb3 a4 29. Qc2 exf3 30. Rxf3 f5 31. Rg3 R4c7 32. Qxa4 Bc6 33. Qb3 Qe4
34. c4 f4 35. exf4 Qxd4+ 36. Qe3 Qxe3+ 37. Rxe3 Kf7 38. Bb4 Ra8 39. a3 Bd5 40.
c5 Rg8 41. Rd1 g5 42. f5 Bc4 43. Rd4 Ba2 44. Re2 Bb3 45. Re3 Ba2 46. Rd2 Bd5 47.
fxe6+ Bxe6 48. Rf2+ Kg6 49. Rxe6+ Kh5 50. h3 Rd7 51. g4+ Kh4 52. Kh2 Rd3 53.
Rh6# 1-0